Giáo dục phòng chống ma túy và chất gây nghiện trong trường Sư phạm đào tạo giáo viên trung học phổ thông

Sách cung cấp các kiến thức về ma tuý và chất gây nghiện, đồng thời cung cấp tình hình tệ nạn ma tuý và sự cần thiết phải giáo dục phòng chống ma tuý và chất gây nghiện cho học sinh sinh viên. Phần lớn nội dung sách tập trung vào việc gi...

Descripción completa

Guardado en:
Detalles Bibliográficos
Autor Corporativo: Bộ Giáo dục và Đào tạo
Formato: Libro
Lenguaje:Undetermined
Publicado: Hà Nội Bộ Giáo dục và Đào tạo 2007
Materias:
Etiquetas: Agregar Etiqueta
Sin Etiquetas, Sea el primero en etiquetar este registro!
Thư viện lưu trữ: Trung tâm Học liệu Trường Đại học Cần Thơ
LEADER 01279nam a2200205Ia 4500
001 CTU_126515
008 210402s9999 xx 000 0 und d
082 |a 363.45 
082 |b B450 
110 |a Bộ Giáo dục và Đào tạo 
245 0 |a Giáo dục phòng chống ma túy và chất gây nghiện trong trường Sư phạm đào tạo giáo viên trung học phổ thông 
245 0 |c Bộ Giáo dục và Đào tạo 
260 |a Hà Nội 
260 |b Bộ Giáo dục và Đào tạo 
260 |c 2007 
520 |a Sách cung cấp các kiến thức về ma tuý và chất gây nghiện, đồng thời cung cấp tình hình tệ nạn ma tuý và sự cần thiết phải giáo dục phòng chống ma tuý và chất gây nghiện cho học sinh sinh viên. Phần lớn nội dung sách tập trung vào việc giáo dục phòng chống ma tuý và chất gây nghiện thông qua các môn học ở trong đào tạo giáo viên THPT và trường THPT 
650 |a Narcotics, Control of,Cocaine habit 
650 |z Viet Nam,Viet Nam 
904 |i Minh Huỳnh Mai 
980 |a Trung tâm Học liệu Trường Đại học Cần Thơ